| 000 | 01290cam a2200337 i 4500 | ||
|---|---|---|---|
| 001 | 18313740 | ||
| 003 | OSt | ||
| 005 | 20180116192426.0 | ||
| 008 | 140923s2014 pk b 000 0 eng | ||
| 010 | _a 2014363254 | ||
| 020 | _a9789698535230 | ||
| 025 | _aP-E-2014363254; 12 | ||
| 037 |
_bLibrary of Congress -- Islamabad Overseas Office _cRs 400 |
||
| 040 |
_aDLC _beng _cDLC _erda |
||
| 042 |
_alcode _apcc |
||
| 043 | _aa-pk--- | ||
| 050 | 0 | 0 |
_aPK6996.W3 _bM35 2014 |
| 082 | _a491.5095491 MAL | ||
| 100 | 1 |
_aMalik, Nadeem Shafiq, _eauthor. _98079 |
|
| 245 | 1 | 2 |
_aA sociolinguistic study of Wakhi language of Northern Pakistan / _cNadeem Shafiq Malik. |
| 260 |
_aIslamabad: _bNational University of sciences & technology, _c2014. |
||
| 300 |
_ax, 222 pages ; _c22 cm |
||
| 504 | _aIncludes bibliographical references (pages 207-222). | ||
| 650 | 0 |
_aWakhi language _zPakistan _zGilgit-Baltistān. _98080 |
|
| 650 | 0 |
_aWakhi language _xSocial aspects _zPakistan _zGilgit-Baltistān. _98081 |
|
| 650 | 0 |
_aSociolinguistics _zPakistan _zGilgit-Baltistān. _98082 |
|
| 710 | 2 |
_aNational University of Sciences and Technology (Islāmābād, Pakistan) _98083 |
|
| 906 |
_a7 _bcbc _corigode _d3 _encip _f20 _gy-gencatlg |
||
| 942 |
_2ddc _cBK |
||
| 999 |
_c354077 _d354077 |
||